| 000 | 00282 a2200085 4500 | ||
|---|---|---|---|
| 100 | 1 |
_aCukkerman, I. I.. _eAutor |
|
| 245 | 0 |
_aProblemy sovremennogo televidenija : _b/Cifrovoe televidenie/ / _cCukkerman I. I.. |
|
| 710 | 2 |
_aZnanie. _eWydawca _4pbl |
|
| 260 |
_aMoskva : _bZnanie, _c1980. |
||
| 300 |
_a62 s.; _c25 cm. |
||
| 999 |
_c4488 _d4488 |
||